000 01138nam0a2200325 i 4500
001 RU\NLR\BIBL_A\010200712
005 20241103110035.0
010 _a9785386060305
021 _aRU
_b2014-642
_935
035 _a(NLR Aleph) 010200712
090 _a10242320
_c10242320
100 _a20140305d2014 k y0rusy50 ca
101 1 _arus
_ceng
102 _aRU
105 _aa|||z|||000yy
200 1 _aСудьба на ладони
_dThe Palmistry workbook
_eхиромантия
_fЛетиция Валверде
_g[пер. с англ. О. С. Епимахова]
_zeng
210 _aМосква
_cРИПОЛ классик
_d2014
215 _a238 с.
_cил.
_d21
300 _aАвт. также на англ. яз.: Valverde Laeticia
320 _aБиблиогр.: с. 221
510 1 _6z20790
_aThe Palmistry workbook
_zeng
606 _aХиромантия
_91268094
_3RU\NLR\AUTH\66203870
686 2 _aЭ391.226
700 1 _aВалверде
_bЛ.
_gЛетиция
790 1 _6z20510
_aValverde
_bL.
_gLaeticia
942 _cBOOK
980 _aNBR